Historia económica de América Latina /

Saved in:
Bibliographic Details
Main Author: Cardoso, Ciro Flamarion Santana
Other Authors: Pérez Brignoli, Héctor (joint author.)
Format: Book
Language:Spanish
Published: Barcelona : Crítica, c1979.
Series:Crítica/Historia ; 10-11
Subjects:
LEADER 01472nam a2200349 i 4500
001 c000337477
003 CARM
005 00000000000000.0
008 801016s1979 sp a b 00010 spa
015 |a Sp*** 
019 1 |a 1842887  |5 LACONCORD2021 
020 |a 8474231035 (v. 1) 
020 |a 8474231043 (v. 2) 
020 |a 8474231051 (set) 
035 |a (OCoLC)6943744  |5 LACONCORD2021 
043 |a cl----- 
050 0 0 |a HC123  |b .C37 
100 1 |a Cardoso, Ciro Flamarion Santana. 
245 1 0 |a Historia económica de América Latina /  |c Ciro Flamarion S. Cardoso, Héctor Pérez Brignoli. 
260 |a Barcelona :  |b Crítica,  |c c1979. 
300 |a 2 v. :  |b ill. ;  |c 20 cm. 
490 0 |a Crítica/Historia ;  |v 10-11 
504 |a Includes bibliographical references. 
505 0 |a v. 1. Sistemas agrarios e historia colonial.--v. 2. Economias de exportación y desarrollo capitalista. 
650 0 |a Agriculture  |x Economic aspects  |z Latin America  |x History. 
651 0 |a Latin America  |x Economic conditions. 
700 2 |a Pérez Brignoli, Héctor.  |e joint author. 
852 8 |b CARM  |h A1:AL10A0  |i A05184  |p 0445947  |f BK 
852 8 |b CARM  |h A1:AL10A0  |i A05184  |p 0445946  |f BK 
999 f f |i 1ea4389f-0399-549e-8b11-98b129b1828e  |s 88e0ff5f-b5e3-55b1-9ebf-9e0a205a8c64 
952 f f |p Can circulate  |a CAVAL  |b CAVAL  |c CAVAL  |d CARM 1 Store  |e A05184  |f A1:AL10A0  |h Other scheme  |i book  |m 0445946 
952 f f |p Can circulate  |a CAVAL  |b CAVAL  |c CAVAL  |d CARM 1 Store  |e A05184  |f A1:AL10A0  |h Other scheme  |i book  |m 0445947